000
00261nam a2200097Ia 4500
008
231107s2007 xx 000 0 und d
041
_a
eng
100
_a
Hymers Paul
245
_a
Home Extensions : The Complete Handbook
260
_a
London
_b
New Holland pub.
_c
2007
999
_c
929495
_d
929495